00378nam a2200145Ia 4500008004100000084001300041100002300054245003800077250002000115260001900135260000900154260002200163300001200185500003500197180424s9999 xx 000 0 und d a511.8 B1 a"Brassard, Gilles" 0aAlgorithmics: Theory and Practice a\\198800ENGGPSX aPrentice Hall  b1988 cEnglewood Cliffs  axi+361p aincludes index and biblioraphy